00402nam a2200133Ia 45000010005000000080041000050820020000461000075000662450050001412600027001915900007002189010028002259990015002531227241024s9999 xx 000 0 und d aRD/370.11/R426e aRepública Dominicana.Secretaría de Estado de Educación y Cultura 0aEducación en Valores para el nivel básico bEditora Corripioc2000 asi a18/2/2011 12:01:37 p.m. c9277d9277